Statistics for About Famous People Initially

Click here to take the quiz!

General Stats

  • This quiz has been taken 17 times
  • The average score is 6 of 13

Answer Stats

HintAnswer% Correct
Beatles and Traveling WIllburys memberGeorge Harrison
85%
Henry the VIII's second wifeAnne Boleyn
77%
Great Expectations authorCharles Dickens
77%
Bugs Bunny's nemesisElmer Fudd
69%
Child actor, adult diplomatShirley Temple
62%
German fashion designerKarl Lagerfeld
46%
Deposed Panama strongmanManuel Noriega
46%
Wrote "Werewolves of London"Warren Zevon
31%
Initials missing from the answers aboveX and Y
31%
26th president's son killed in combatQuentin Roosevelt
23%
Canadian jazz pianistOscar Peterson
15%
1960 Heavyweight Boxing ChampionIngemar Johansson
8%
Hugo award winning authorUrsula Vernon
8%

Score Distribution

Percentile by Number Answered

Percent of People with Each Score

Your Score History

You have not taken this quiz